000 00545nam a2200157Ia 4500
008 151213s9999 xx 000 0 und d
020 _a984-07-4300-7
100 _aমনসুর মূসা।
245 _aৃভাষা চিন্তা : প্র্রসঙ্গ ও পরিধি।
_cমনসুর মূসা।
250 _a১ম সং
260 _aঢাকা
_bবাংলা একাডেমী।
_c1991
300 _a4430 p.
650 _aBangla
700 _aমনসুর মূসা।
999 _c2806
_d2806